000 01265nam a2200337 i 4500
001 000002014
003 DO-SdBNP
005 20250529125831.0
007 ta
008 090630s2007 dr a r 000 0 spa d
020 _a9789945860719
040 _aDO-SdBNP
_bspa
_cBNPHU
_erda
082 4 _a633.74
_bR426c, 2007
_222
110 2 _aRepública Dominicana.
_bInstituto Dominicano de Investigaciones Agropecuarias y Forestales
_96512
245 1 0 _aCacao :
_bresultados de investigación /
_cpresentación, Rafael Pérez Duvergé.
246 1 0 _aResultados de investigación
_fMarzo 2007
264 1 _aSanto Domingo :
_bIDIAF,
_c2007.
300 _a48 páginas :
_bilustraciones ;
_c23 cm.
336 _atexto
_btxt
_2rdacontent
337 _asin mediación
_bn
_2rdamedia
338 _avolumen
_bnc
_2rdacarrier
504 _aBibliografía : páginas 48
590 _aInventariado, 2018/BT
650 4 _aCacao
_xCultivo
_zRepública Dominicana
_96513
650 4 _aInvestigación agrícola
_zRepública Dominicana
_9126
650 4 _aAgricultura
_zRepública Dominicana
_91568
700 1 _aPérez Duvergé, Rafael,
_96514
710 2 _aInstituto Dominicano de Investigaciones Agropecuarias y Forestales
_9299
910 _aJornada de catalogación
942 _2ddc
_cLF2
999 _c1879
_d1879